Modi A Builder Vs Gandhi A Destroyer OF INDIA/ (Record no. 213978)

MARC details
000 -LEADER
fixed length control field 00592nam a22001937a 4500
005 - DATE AND TIME OF LATEST TRANSACTION
control field 20251231120938.0
010 ## - LCCN (DPL NO)
LC control number ENG-147360
020 ## - INTERNATIONAL STANDARD BOOK NUMBER
International Standard Book Number 9798890669261
Terms of availability 225.00
035 ## - SYSTEM CONTROL NUMBER
System control number EN-130892
037 ## - SOURCE OF ACQUISITION
Source of stock number/acquisition DBAD
082 ## - DEWEY DECIMAL CLASSIFICATION NUMBER
Classification number 370.973
Edition number 1
100 ## - MAIN ENTRY--PERSONAL NAME
Personal name Roychoudhury, Hari Pada
245 ## - TITLE STATEMENT
Title Modi A Builder Vs Gandhi A Destroyer OF INDIA/
Statement of responsibility, etc Hari Pada Roychoudhury
250 ## - EDITION STATEMENT
Edition statement 1
260 ## - PUBLICATION, DISTRIBUTION, ETC. (IMPRINT)
Place of publication, distribution, etc Chennai
Name of publisher, distributor, etc Notion Press
Date of publication, distribution, etc 2023
270 ## - ADDRESS
Address Old No.38, New No. 6, McNichols Road, Chetpet
City Chennai
Postal code 600031
300 ## - PHYSICAL DESCRIPTION
Extent 150p.
Dimensions 23cm(pb)
942 ## - ADDED ENTRY ELEMENTS (KOHA)
Source of classification or shelving scheme Dewey Decimal Classification
Item type English Books
Classification part 370.973
Call number suffix ROY
Holdings
Withdrawn status Lost status Not for loan Collection code Home library Current library Date acquired Source of acquisition Cost, normal purchase price Full call number Barcode Copy number Cost, replacement price Koha item type
      Non-fiction Sarojini Nagar Sarojini Nagar 31/12/2025 Delivery of Books Act Division 225.00 370.973 ROY EN-130892 1 225.00 English Books

© Delhi Public Library
Hit Counter
free hit counter